000 nam a22 a 4500
999 _c2027
_d2027
003 AKMAL
005 20170515090947.0
008 170515s1991 my 00 may d
020 _a9679933105 (kkt.):
_cRM 25.00
040 _aAKMAL
_cAKMAL
041 _amay
043 _aa-my---
049 _aklpmal
082 0 4 _a354.595006 AHM
090 _a354.595006
_bAHM
090 2 0 _a354.595006
_bAHM
100 _aAhmad Sarji Abdul Hamid,
_cTan Sri Dato' Seri,
_d1938-
_9508
245 _aPerkhidmatan awam yang berkualiti :
_bdari perspektif Ahmad Sarji bin Abdul Hamid = Towards quality public service :
_bselected speeches of Tan Sri Dato' Seri Ahmad Sarji bin Abdul Hamid /
_ceditor, Zakaria bin Ahmad
260 _aKuala Lumpur :
_bInstitut Tadbiran Awam Negara ,
_c1991
300 _axi, 625ms. ;
_c22cm
500 _aTeks bahasa Malaysia dan Inggeris
650 _aCivil service
_zMalaysia
_9420
650 _aCivil service ethics
_zMalaysia
_9416
650 _aPublic administration
_zMalaysia
_9419
651 _aMalaysia
_xPolitics and government
_944
700 0 _aZakaria Ahmad,
_d1947-
_94201
710 2 _aInstitut Tadbiran Awam Negara
_9410
740 2 _aTowards quality public service
942 _2ddc
_cBOOK